000 00797nam a22002057a 4500
005 20240530110335.0
008 140907s2007 ua of g 000 0 ara d
017 _a23871/2007
_bالقاهرة : دار الكتب المصرية
020 _a9774375238
040 _aEG-CaGPL
082 0 4 _221
_a338.4791
_bق/م د
110 _aمحافظة القليوبية
245 1 0 _aدور السياحة والاثار فى التنمية الاقتصادية بمحافظة القليوبية /
_cمحافظة القليوبية
250 _aط 1
260 _aالقليوبية :
_bمحافظة القليوبية ،
_c2007
300 _a86 ص ؛
_c24 سم
651 0 7 _aالقليوبية
_xالتنمية الاقتصادية
651 0 7 _aالقليوبية
_xالاثار
942 _2ddc
_cBK
999 _c59776
_d59776